书目信息 |
| 题名: |
外国经济统计指标方法的评价
|
|
| 作者: | 戴世光 著 | |
| 分册: | ||
| 出版信息: | 北京 中国人民大学出版社 1979 |
|
| 页数: | 200页 | |
| 开本: | 20cm | |
| 丛书名: | ||
| 单 册: | ||
| 中图分类: | F222.1 | |
| 科图分类: | ||
| 主题词: | 经济--计算 , 经济数学--方法 | |
| 电子资源: | ||
| ISBN: | ||
| 000 | 00605nam0 2200205 450 | |
| 001 | 0639538844 | |
| 005 | 20060816105953.62 | |
| 010 | @dCNY0.57 | |
| 100 | @a20060816d1979 km y0chiy0120 ea | |
| 101 | 0 | @achi |
| 102 | @aCN@b110000 | |
| 200 | 1 | @a外国经济统计指标方法的评价@Awai guo jing ji tong ji zhi biao fang fa de ping jia@f戴世光著@Fdai shi guang zhu |
| 210 | @a北京@c中国人民大学出版社@d1979 | |
| 215 | @a200页@c表格@d20cm | |
| 606 | 0 | @a经济@x计算 |
| 606 | 0 | @a经济数学@x方法 |
| 690 | @aF222.1@v3 | |
| 701 | 0 | @a戴世光@Adai shi guang@4著 |
| 801 | 0 | @aCN@bPFT@c20060816 |
| 905 | @a10447@dF222.1@e187 | |
| 外国经济统计指标方法的评价/戴世光著.-北京:中国人民大学出版社,1979 |
| 200页:表格;20cm |
| ISBN :CNY0.57 |
| ● |
| 相关链接 |
|
|
|
|
正题名:外国经济统计指标方法的评价
索取号:F222.1/187
 
预约/预借
| 序号 | 登录号 | 条形码 | 馆藏地/架位号 | 状态 | 备注 |
| 1 | 0464851 | 204648514 | 密集书库/ [索取号:F222.1/187] | 在馆 |